Etiqueta de registo: 00000nam 2200025 450
001 1985438
003 http://id.bnportugal.gov.pt/bib/catbnp/1985438
021 ## $aPT$b426067/17
100 ## $a20180316d2017 m y0pory01030103ba
101 0# $apor
102 ## $aPT
105 ## $aa z 000yy
106 ## $ar
200 1# $aSantas e Santos no ano da santidade$fJoaquim Leite
210 #9 $aBragança$cFundação Mensageiro de Bragança,$d2017
215 ## $a95 p.$cil.$d21 cm
675 ## $a272-36A/Z$vBN$zpor$31939170
700 #1 $92$aLeite,$bJoaquim$31707500
801 #0 $aPT$bBN$gRPC
856 41 $uhttp://rnod.bnportugal.gov.pt/ImagesBN/winlibimg.aspx?skey=&doc=1985438&img=107323&save=true
900 ## $aBIBNAC$d20180323
966 ## $lBN$mFGMON$sR. 29681 V.$x1
966 ## $lBN$mFGMON$sR. 29681 V.-D$x1
Etiqueta de registo: 00000nam 2200025 450
001 2016028
003 http://id.bnportugal.gov.pt/bib/catbnp/2016028
021 ## $aPT$b444426/18
100 ## $a20190228d2018 m y0pory01030103ba
101 0# $apor
102 ## $aPT
105 ## $aa z 000yy
106 ## $ar
200 1# $aTodas as Nossas Senhoras são a mesma Mãe de Deus$fJoaquim Leite
210 #9 $aBragança$cFundação Mensageiro de Bragança,$d2018
215 ## $a115 p.$cil.$d21 cm
675 ## $a272-312Maria, Virgem Santa$vBN$zpor$31243734
700 #1 $92$aLeite,$bJoaquim$31707500
801 #0 $aPT$bBN$gRPC
856 41 $uhttp://rnod.bnportugal.gov.pt/ImagesBN/winlibimg.aspx?skey=&doc=2016028&img=121941&save=true
900 ## $aBIBNAC$d20190312
966 ## $lBN$mFGMON$sR. 30216 V.$x1
966 ## $lBN$mFGMON$sR. 30216 V.-D$x1